<?xml version="1.0" encoding="UTF-8"?>
<record
    xmlns:xsi="http://www.w3.org/2001/XMLSchema-instance"
    xsi:schemaLocation="http://www.loc.gov/MARC21/slim http://www.loc.gov/standards/marcxml/schema/MARC21slim.xsd"
    xmlns="http://www.loc.gov/MARC21/slim">

  <leader>01569nam a22002657a 4500</leader>
  <controlfield tag="005">20170124103218.0</controlfield>
  <datafield tag="010" ind1=" " ind2=" ">
    <subfield code="a">A-564179</subfield>
  </datafield>
  <datafield tag="020" ind1=" " ind2=" ">
    <subfield code="c">40.00</subfield>
  </datafield>
  <datafield tag="035" ind1=" " ind2=" ">
    <subfield code="a">A-564179</subfield>
  </datafield>
  <datafield tag="037" ind1=" " ind2=" ">
    <subfield code="b">Cen Lib/Ret</subfield>
  </datafield>
  <datafield tag="040" ind1=" " ind2=" ">
    <subfield code="a">DPL</subfield>
    <subfield code="b">HN</subfield>
  </datafield>
  <datafield tag="082" ind1=" " ind2=" ">
    <subfield code="a">415.09</subfield>
    <subfield code="b">&#x92E;&#x940;&#x92E;&#x93E;&#x902;&#x938;</subfield>
  </datafield>
  <datafield tag="100" ind1=" " ind2=" ">
    <subfield code="a">&#x92E;&#x940;&#x92E;&#x93E;&#x902;&#x938;&#x915;, &#x906;&#x91A;&#x93E;&#x930;&#x94D;&#x92F; &#x936;&#x94D;&#x930;&#x940; &#x92F;&#x941;&#x927;&#x93F;&#x937;&#x94D;&#x920;&#x93F;&#x930; </subfield>
    <subfield code="9">100306</subfield>
  </datafield>
  <datafield tag="245" ind1=" " ind2=" ">
    <subfield code="a">&#x938;&#x902;&#x938;&#x94D;&#x915;&#x943;&#x924; &#x935;&#x94D;&#x92F;&#x93E;&#x915;&#x930;&#x923; &#x936;&#x93E;&#x938;&#x94D;&#x924;&#x94D;&#x930; &#x915;&#x93E; &#x907;&#x924;&#x93F;&#x939;&#x93E;&#x938; /</subfield>
    <subfield code="c">&#x906;&#x91A;&#x93E;&#x930;&#x94D;&#x92F; &#x936;&#x94D;&#x930;&#x940; &#x92F;&#x941;&#x927;&#x93F;&#x937;&#x94D;&#x920;&#x93F;&#x930; &#x92E;&#x940;&#x92E;&#x93E;&#x902;&#x938;&#x915; ; &#x938;&#x92E;&#x94D;&#x92A;&#x93E;&#x926;&#x915; &#x930;&#x93E;&#x92E;&#x928;&#x93E;&#x925; &#x924;&#x94D;&#x930;&#x93F;&#x92A;&#x93E;&#x920;&#x940; &#x936;&#x93E;&#x938;&#x94D;&#x924;&#x94D;&#x930;&#x940; </subfield>
  </datafield>
  <datafield tag="246" ind1=" " ind2=" ">
    <subfield code="a">Sanskrit vyakran shastr ka itihas /</subfield>
    <subfield code="b">by Acharya Shri Yudhishthir Meemansak ; sampadak Ramnath Tripathi Shastri</subfield>
  </datafield>
  <datafield tag="260" ind1=" " ind2=" ">
    <subfield code="a">&#x935;&#x93E;&#x930;&#x93E;&#x923;&#x938;&#x940; </subfield>
    <subfield code="b">&#x91A;&#x94C;&#x916;&#x92E;&#x94D;&#x92C;&#x93E; &#x913;&#x930;&#x93F;&#x92F;&#x928;&#x94D;&#x924;&#x93E;&#x932;&#x93F;&#x92F;&#x93E; </subfield>
    <subfield code="c">1983</subfield>
  </datafield>
  <datafield tag="270" ind1=" " ind2=" ">
    <subfield code="b">&#x935;&#x93E;&#x930;&#x93E;&#x923;&#x938;&#x940; </subfield>
    <subfield code="a">&#x92A;&#x940;.&#x913;.&#x91A;&#x94C;&#x916;&#x92E;&#x94D;&#x92C;&#x93E;, &#x92A;&#x94D;&#x930;&#x94B;.&#x92C;&#x949;&#x915;&#x94D;&#x938; &#x928;&#x902;.32, &#x917;&#x94B;&#x915;&#x941;&#x932; &#x92D;&#x935;&#x928;, &#x915;&#x947;.37/109, &#x917;&#x94B;&#x92A;&#x93E;&#x932; &#x92E;&#x902;&#x926;&#x93F;&#x930; &#x932;&#x947;&#x928; </subfield>
    <subfield code="e">221001</subfield>
  </datafield>
  <datafield tag="300" ind1=" " ind2=" ">
    <subfield code="a">373&#x92A;&#x943;.</subfield>
    <subfield code="c">20&#x938;&#x947;&#x92E;&#x940;(&#x938;&#x91C;&#x93F;&#x932;&#x94D;&#x926;)</subfield>
  </datafield>
  <datafield tag="650" ind1=" " ind2=" ">
    <subfield code="a">&#x938;&#x902;&#x938;&#x94D;&#x915;&#x943;&#x924; &#x935;&#x94D;&#x92F;&#x93E;&#x915;&#x930;&#x923;  -- &#x907;&#x924;&#x93F;&#x939;&#x93E;&#x938; </subfield>
    <subfield code="9">6610</subfield>
  </datafield>
  <datafield tag="650" ind1=" " ind2=" ">
    <subfield code="a">&#x938;&#x902;&#x938;&#x94D;&#x915;&#x943;&#x924; &#x935;&#x94D;&#x92F;&#x93E;&#x915;&#x930;&#x923;</subfield>
    <subfield code="9">100307</subfield>
  </datafield>
  <datafield tag="650" ind1=" " ind2=" ">
    <subfield code="a">Sanskrit grammar - History</subfield>
    <subfield code="9">100308</subfield>
  </datafield>
  <datafield tag="650" ind1=" " ind2=" ">
    <subfield code="a">Sanskrit grammar</subfield>
    <subfield code="9">100309</subfield>
  </datafield>
  <datafield tag="700" ind1=" " ind2=" ">
    <subfield code="a">&#x936;&#x93E;&#x938;&#x94D;&#x924;&#x94D;&#x930;&#x940;,  &#x930;&#x93E;&#x92E;&#x928;&#x93E;&#x925; &#x924;&#x94D;&#x930;&#x93F;&#x92A;&#x93E;&#x920;&#x940; </subfield>
    <subfield code="9">64439</subfield>
  </datafield>
  <datafield tag="942" ind1=" " ind2=" ">
    <subfield code="2">ddc</subfield>
    <subfield code="c">HN</subfield>
    <subfield code="h">415.09</subfield>
    <subfield code="m">&#x92E;&#x940;&#x92E;&#x93E;&#x902;&#x938;</subfield>
  </datafield>
  <datafield tag="999" ind1=" " ind2=" ">
    <subfield code="c">121685</subfield>
    <subfield code="d">121685</subfield>
  </datafield>
  <datafield tag="952" ind1=" " ind2=" ">
    <subfield code="0">0</subfield>
    <subfield code="1">0</subfield>
    <subfield code="4">0</subfield>
    <subfield code="7">0</subfield>
    <subfield code="a">L</subfield>
    <subfield code="b">L</subfield>
    <subfield code="d">2015-10-12</subfield>
    <subfield code="e">Cen Lib/Ret</subfield>
    <subfield code="g">40.00</subfield>
    <subfield code="l">0</subfield>
    <subfield code="o">415.09 &#x92E;&#x940;&#x92E;&#x93E;&#x902;&#x938;</subfield>
    <subfield code="p">A-564179</subfield>
    <subfield code="r">2015-10-12 00:00:00</subfield>
    <subfield code="t">1</subfield>
    <subfield code="v">40.00</subfield>
    <subfield code="w">2015-10-12</subfield>
    <subfield code="y">HN</subfield>
  </datafield>
</record>
